00762nam a22002057a 4500999001700000008004100017020001800058020001600076050002200092100002200114245008400136250001900220260004400239300003000283500005100313650001600364700001900380942003400399952012300433 c17121d17121161122b xxu||||| |||| 00| 0 eng d a9780199560295 a01919560293 aHD 30.28 .H3 2010 aHaberberg, Adrian aStrategic Management:btheory and practice/cAdrian Haberberg and Alison Rieple aIndian edition aOxford:bOxford University Press,c2010 axxiv, 822p. :bill. ;ccm aIncludes bibliographical references and index. aManagement. aRieple, Alison 2lcccBOOKShHD 30.28 .H3 2010 00102lcc4070aMUCbMUCcGENd2016-11-22eDonation (BFA)l0oHD 30.28 .H3 2010p27942r2016-11-22w2016-11-22yBOOKS